South Asian security and international nuclear order : creating a robust Indo-Pakistani nuclear arms control regime /

Bibliographic Details
Main Author: Carranza, Mario Esteban
Format: Book
Language:English
Published: Farnham, England ; Burlington, VT : Ashgate Pub. Co., [2009]
Subjects:

MARC

Tag First Indicator Second Indicator Subfields
LEADER 00000cam a22000004a 4500
001 in00002525035
005 20151111082815.0
008 090507s2009 enk b 001 0 eng
010 |a  2009016474 
020 |a 9780754675419 (hardback : alk. paper) 
020 |a 0754675416 (hardback : alk. paper) 
020 |a 9780754697527 (ebook) 
020 |a 0754697525 (ebook) 
029 1 |a BWK  |b L7825568 
029 1 |a AU@  |b 000044195496 
029 1 |a BWX  |b R7806034 
035 |a (OCoLC)ocn320696540 
035 |a (OCoLC)320696540 
040 |a DLC  |c DLC  |d BTCTA  |d YDXCP  |d BWKUK  |d BWK  |d BWX  |d UtOrBLW 
043 |a a-ii---  |a a-pk--- 
049 |a TXAM 
050 0 0 |a JZ5665  |b .C375 2009 
082 0 0 |a 327.1/7470954  |2 22 
082 0 4 |a 327.172 
100 1 |a Carranza, Mario Esteban. 
245 1 0 |a South Asian security and international nuclear order :  |b creating a robust Indo-Pakistani nuclear arms control regime /  |c Mario Esteban Carranza. 
264 1 |a Farnham, England ;  |a Burlington, VT :  |b Ashgate Pub. Co.,  |c [2009] 
264 4 |c ©2009 
300 |a xiv, 198 pages ;  |c 24 cm. 
336 |a text  |b txt  |2 rdacontent 
337 |a unmediated  |b n  |2 rdamedia 
338 |a volume  |b nc  |2 rdacarrier 
504 |a Includes bibliographical references and index. 
650 0 |a Nuclear arms control  |z India. 
650 0 |a Nuclear arms control  |z Pakistan. 
650 0 |a Nuclear nonproliferation  |z India. 
650 0 |a Nuclear nonproliferation  |z Pakistan. 
650 0 |a Security, International  |z India. 
650 0 |a Security, International  |z Pakistan. 
651 0 |a India  |x Foreign relations  |z Pakistan. 
651 0 |a Pakistan  |x Foreign relations  |z India. 
611 2 0 |a Non-Proliferation Treaty Review Conference. 
938 |a Baker and Taylor  |b BTCP  |n BK0008366177 
938 |a YBP Library Services  |b YANK  |n 3033317 
938 |a Blackwell Book Service UK  |b BBUK  |n L7825568  |c 55.00 
938 |a Blackwell Book Service  |b BBUS  |n R7806034  |c $99.95 
945 |a PromptCat  |b 820495 
946 |a stk 
947 |a A14839967448 
994 |a 92  |b TXA 
948 |a cataloged  |b h  |d 2009/10/28  |h c  |e asalazar  |f 11:43:46 am 
999 |a MARS 
999 f f |s 27f21332-74c3-3ac6-b745-849724d2f67c  |i bceeb185-2ecf-39e3-ab40-3f7596a56dbb  |t 0 
952 f f |p ric  |a Texas A&M University  |b Rellis Campus  |c Joint Library Facility  |d Remote Storage  |t 0  |e JZ5665 .C375 2009  |h Library of Congress classification  |i unmediated -- volume  |m A14839967448 
998 f f |a JZ5665 .C375 2009  |t 0  |l Remote Storage